History Quiz

Random History or Clickable Quiz

1900s Match-Up Quiz Stats

 Plays Quiz Updated Sep 21, 2017

Also try: 1910s Match-Up
Challenge
Share
Tweet
Score 0/28 Timer 05:00
15 Plays Today
% Correct
Sherlock
98.1%
Sigmund
97.7%
Ford
97.1%
Tsar
94.6%
The Wind in the
94.1%
Anne of
92.9%
Qing
92.5%
Nikola
91.5%
Fabergé
90.4%
Boxer
87.5%
Teddy
87.3%
Beatrix
84.6%
Kitty
84.5%
Rhodes
84.5%
% Correct
Art
82.5%
Square
81.1%
White
79.3%
Upton
76.9%
Wright
73.8%
Guglielmo
73.1%
Giacomo
71.9%
Cy
71.6%
Gustav
71.3%
Enrico
66.8%
Belle
61.1%
Theodor
43.7%
Leo
31%
Alphonse
30.2%

You're not logged in!

Compare scores with friends on all Sporcle quizzes.
Join for Free
OR
Log In

You Might Also Like...

Show Comments

Extras

Top Quizzes Today


Score Distribution

Your Account Isn't Verified!

In order to create a playlist on Sporcle, you need to verify the email address you used during registration. Go to your Sporcle Settings to finish the process.

Report this User

Report this user for behavior that violates our Community Guidelines.

Details: